000 00957nam0a2200277 4500
001 RU\NLR\bibl\1451406
005 20250615231906.0
010 _a978-5-9533-4026-7
_91000
021 _aRU
_b2009-87104
_95483
035 _a(NLR Aleph) 001443221
090 _a1476206
_c1476206
100 _a20091212d2009 |||y0rusy50 ca
101 0 _arus
102 _aRU
105 _aa |||||||||
200 1 _aПо Радонежской земле
_eочерки памятных мест
_fИван Рыбаков
210 _aМосква
_cВече
_d2009
215 _a158, [1] с.
_cил., портр.
_d21
606 1 _aКраеведение историческое
_yМосковская область
_92244839
_3RU\NLR\auth\661346801
686 _aТ3(2Р-4Мо)
700 1 _aРыбаков
_bИ. А.
_gИван Алексеевич
_4070
801 0 _aRU
_bNLR
_c20091212
_gRCR
801 1 _aRU
_bNLR
_c20091212
942 _cBOOK
980 _aNB